|
|
|
|
| LEADER |
00000nam0a2200000 4500 |
| 001 |
69678 |
| 005 |
20231031080008.0 |
| 035 |
|
|
|a (RuTPU)RU\TPU\book\74181
|
| 090 |
|
|
|a 69678
|
| 100 |
|
|
|a 20041028d1975 k y0rusy50 ca
|
| 101 |
0 |
|
|a rus
|
| 102 |
|
|
|a RU
|
| 105 |
|
|
|a a z 001zy
|
| 200 |
1 |
|
|a Межцепной обмен в полимерах
|f Б. А. Розенберг, В. И. Иржак, Н. С. Ениколопян
|
| 210 |
|
|
|a Москва
|c Химия
|d 1975
|
| 215 |
|
|
|a 237 с.
|c ил.
|
| 320 |
|
|
|a Библиогр. в конце глав.
|
| 610 |
1 |
|
|a химия
|
| 610 |
1 |
|
|a полимеры
|
| 610 |
1 |
|
|a полимеризация
|
| 610 |
1 |
|
|a межцепной обмен
|
| 610 |
1 |
|
|a механизмы
|
| 610 |
1 |
|
|a равновесные составы
|
| 610 |
1 |
|
|a гомополимеризация
|
| 610 |
1 |
|
|a сополимеризация
|
| 610 |
1 |
|
|a передачи цепи
|
| 610 |
1 |
|
|a полимерные материалы
|
| 610 |
1 |
|
|a модификация
|
| 675 |
|
|
|a 678
|v 3
|
| 700 |
|
1 |
|a Розенберг
|b Б. А.
|g Борис Александрович
|
| 701 |
|
1 |
|a Иржак
|b В. И.
|g Вадим Исакович
|
| 701 |
|
1 |
|a Ениколопян
|b Н. С.
|g Николай Сергеевич
|
| 801 |
|
1 |
|a RU
|b 63413507
|c 20041028
|g PSBO
|
| 801 |
|
2 |
|a RU
|b 63413507
|c 20131011
|g PSBO
|
| 942 |
|
|
|c BK
|